000 00506nam a2200181Ia 4500
003 OSt
005 20200812140004.0
008 190216s9999||||xx |||||||||||||| ||und||
020 _a9788121900614
040 _coclc
082 _a547
_bBAH/A
100 _aBahl, Arun
_94073
245 0 _aAdvanced Organic Chemistry /
_cArun Bahl ; B S Bahl
260 _bS Chand & Company,
_c2006.
_aNew Delhi:
300 _a1365p
650 _aChemistry
942 _cBK
_2ddc
_h547
_iBAH/A
_k547
_mBAH/A
999 _c3378
_d3378